00625nam a2200169 a 450000500170000000800410001702000150005805000240007324500850009725000140018226000610019630000330025765000240029094200120031499900170032695201120034320140310182405.0970101s19uu xx 00 eng d a070699213X aLB 1501b.H847 1995 aHow? What ? Why ? my book of general knowledge 3 /cMadhuban Educational Books. areprinted aJangpara , N.D :bVikas Publishing house Put Ltd,c1995. a48 p. :bcol. ill. ;c24 cm. aIntelligence tests cBK2lcc c12681d12681 00102lcc40aLUXbLUXcGSd1997-01-01l0oLB 1501 .H847 1995p3469r2013-10-10 00:00:00t1w2013-10-10yBK